00555nam a2200157 a 450000100100000000500170001000800410002702000180006804000250008610000250011124500810013626000490021730000290026650000700029550400320036500003854120201002031305.0130412s2012 dr a 000 0 spa d a9789945872378 aDO-SdBNPbspacBNPHU1 aMirabal, Yoselman R.10aUnción y conocimiento :bcomo lograr un equilibrio /cYoselman R. Mirabal. aSanto Domingo :bMirabal Poducciones,c2012. a117 p. :bils. ;c22 cm. aIncluye datos biográficos del autor en la solapa de la cubierta aBibliografía : p. 117-118